[Event "14. Abierto de la Constitucion"]
[Site "San Sebastian delos Reyes ESP"]
[Date "2012.12.06"]
[Round "6.13"]
[White "Perez Alvarez, Javier"]
[Black "Dierssen Garcia-Barredo, Guillermo"]
[Result "0-1"]
[WhiteElo "1824"]
[BlackElo "1893"]
[PlyCount "62"]
[EventDate "2012.12.01"]
[EventType "swiss"]
[EventRounds "9"]
[EventCountry "ESP"]
[Source "lmi"]
[SourceDate "2012.12.01"]

1. e4 e5 2. Nf3 Nc6 3. d4 exd4 4. Nxd4 Bc5 5. Be3 Qf6 6. c3 Nge7 7. Bc4 Ne5 8.
Be2 Qg6 9. O-O d6 10. f3 O-O 11. Kh1 Bb6 12. a4 a6 13. Qd2 c5 14. Nc2 f5 15.
Bg5 N7c6 16. f4 Nf7 17. exf5 Bxf5 18. Ne3 Nxg5 19. fxg5 Be6 20. Nd5 Rxf1+ 21.
Bxf1 Qf7 22. Ne3 Rf8 23. Na3 d5 24. Be2 d4 25. Nec4 Bc7 26. Qe1 Qf4 27. Qg1
Qxg5 28. Rf1 Rxf1 29. Qxf1 Qh4 30. Qg1 Ne7 31. cxd4 Nf5 0-1

[Event "14. Abierto de la Constitucion"]
[Site "San Sebastian delos Reyes ESP"]
[Date "2012.12.06"]
[Round "6.14"]
[White "Santamaria Farran, Pablo"]
[Black "San Felipe Gonzalez, Tomas"]
[Result "1-0"]
[WhiteElo "1880"]
[BlackElo "1646"]
[PlyCount "59"]
[EventDate "2012.12.01"]
[EventType "swiss"]
[EventRounds "9"]
[EventCountry "ESP"]
[Source "lmi"]
[SourceDate "2012.12.01"]

1. e4 c5 2. Nf3 a6 3. d4 cxd4 4. Nxd4 e5 5. Nb3 Nf6 6. Nc3 Bb4 7. Bg5 Bxc3+ 8.
bxc3 Qc7 9. Bxf6 Qxc3+ 10. Nd2 gxf6 11. Bd3 Nc6 12. O-O Rg8 13. Rb1 d6 14. Rb3
Qc5 15. Kh1 Na5 16. Rb1 Bg4 17. Qc1 b5 18. Nb3 Qc7 19. Nxa5 Qxa5 20. c4 Rc8 21.
Qh6 bxc4 22. Qxh7 Ke7 23. Rb7+ Rc7 24. Rxc7+ Qxc7 25. Qxg8 Be6 26. Bc2 Qa5 27.
Rb1 Bd7 28. Qg3 Qxa2 29. Qc3 Ba4 30. Qb2 1-0

[Event "14. Abierto de la Constitucion"]
[Site "San Sebastian delos Reyes ESP"]
[Date "2012.12.06"]
[Round "6.16"]
[White "Lozano Sanchez, Jose Antonio"]
[Black "Engelbrecht, Kevin P"]
[Result "1-0"]
[WhiteElo "1893"]
[BlackElo "1702"]
[PlyCount "43"]
[EventDate "2012.12.01"]
[EventType "swiss"]
[EventRounds "9"]
[EventCountry "ESP"]
[Source "lmi"]
[SourceDate "2012.12.01"]

1. e4 e5 2. Nf3 Nf6 3. Nc3 Nc6 4. Bc4 Nxe4 5. Nxe4 d5 6. Bb5 dxe4 7. Nxe5 Qd5
8. Bxc6+ bxc6 9. f4 exf3 10. Nxf3 Ba6 11. d3 Bc5 12. c4 Bb4+ 13. Bd2 Qe6+ 14.
Qe2 Qxe2+ 15. Kxe2 Bxd2 16. Kxd2 O-O 17. Rhe1 Rfe8 18. Kc3 c5 19. Re5 Rxe5 20.
Nxe5 Re8 21. Re1 Kf8 22. Nd7+ 1-0

[Event "14. Abierto de la Constitucion"]
[Site "San Sebastian delos Reyes ESP"]
[Date "2012.12.06"]
[Round "6.17"]
[White "Sebastian Enesco, Alex"]
[Black "Garcia Martinez, Jorge"]
[Result "1/2-1/2"]
[WhiteElo "1731"]
[BlackElo "1847"]
[PlyCount "37"]
[EventDate "2012.12.01"]
[EventType "swiss"]
[EventRounds "9"]
[EventCountry "ESP"]
[Source "lmi"]
[SourceDate "2012.12.01"]

1. e4 c5 2. b3 e6 3. Bb2 Nc6 4. g3 d6 5. Bg2 Nf6 6. Ne2 Be7 7. O-O Qc7 8. Nbc3
a6 9. d4 cxd4 10. Nxd4 Bd7 11. Qd2 O-O 12. Kh1 Rac8 13. Rac1 Rfd8 14. Nxc6 Bxc6
15. f4 d5 16. e5 Nd7 17. Ne2 Bb5 18. a4 Bxe2 19. Qxe2 1/2-1/2

[Event "14. Abierto de la Constitucion"]
[Site "San Sebastian delos Reyes ESP"]
[Date "2012.12.06"]
[Round "6.18"]
[White "San Felipe Asis, Raquel"]
[Black "Gonzalez Mateo, Jose Luis"]
[Result "0-1"]
[WhiteElo "1683"]
[BlackElo "1796"]
[PlyCount "124"]
[EventDate "2012.12.01"]
[EventType "swiss"]
[EventRounds "9"]
[EventCountry "ESP"]
[Source "lmi"]
[SourceDate "2012.12.01"]

1. e4 c5 2. Nf3 g6 3. d4 cxd4 4. Nxd4 Bg7 5. Be3 Nc6 6. Nc3 Nf6 7. f3 O-O 8.
Qd2 d5 9. O-O-O Nxd4 10. Bxd4 dxe4 11. Nxe4 Nxe4 12. fxe4 Qc7 13. Bxg7 Kxg7 14.
Be2 Be6 15. Qd4+ f6 16. Kb1 Rac8 17. c3 Qa5 18. a3 Rc6 19. Qb4 Qc7 20. Qd4 Rb6
21. g4 Rc8 22. Ka1 Rd6 23. Qxa7 Rxd1+ 24. Bxd1 Qf4 25. Bc2 Qc7 26. Qa4 Bxg4 27.
e5 f5 28. h3 Bf3 29. Rg1 Qxe5 30. Qd7 Rf8 31. Bb3 Qe3 32. Rf1 Bc6 33. Qd4+ Qxd4
34. cxd4 Bg2 35. Re1 Be4 36. Be6 Kf6 37. Bc4 Rd8 38. Rd1 Bd5 39. Be2 Bb3 40.
Rd2 Kg5 41. Bf3 Bd5 42. h4+ Kf4 43. Bd1 e6 44. Rc2 Ke3 45. Rc7 Rh8 46. Kb1 Kxd4
47. Kc2 e5 48. Kd2 e4 49. Re7 f4 50. Ke2 e3 51. Ke1 f3 52. b4 f2+ 53. Kf1 Bc4+
54. Be2 Bxe2+ 55. Kxe2 Rf8 56. Kf1 Kd3 57. Rd7+ Kc2 58. Re7 Kd3 59. Rd7+ Ke4
60. Re7+ Kf3 61. a4 Rc8 62. Rf7+ Kg3 0-1

[Event "14. Abierto de la Constitucion"]
[Site "San Sebastian delos Reyes ESP"]
[Date "2012.12.06"]
[Round "6.20"]
[White "Alvarez Gonzalez, Eduardo"]
[Black "Herranz Sanchez, Pablo"]
[Result "0-1"]
[WhiteElo "1783"]
[BlackElo "1706"]
[PlyCount "92"]
[EventDate "2012.12.01"]
[EventType "swiss"]
[EventRounds "9"]
[EventCountry "ESP"]
[Source "lmi"]
[SourceDate "2012.12.01"]

1. d4 d5 2. c4 e6 3. Nc3 Nf6 4. Bg5 c6 5. e3 Nbd7 6. Nf3 Qa5 7. Nd2 dxc4 8.
Bxf6 Nxf6 9. Nxc4 Qc7 10. g3 Be7 11. Bg2 O-O 12. O-O Nd5 13. Rc1 Rd8 14. Qb3 a5
15. Nxd5 exd5 16. Nb6 Ra6 17. Nxd5 Qd6 18. Nxe7+ Qxe7 19. a3 Be6 20. Qc2 Rb6
21. Rfe1 Qf6 22. Re2 Bb3 23. Qd2 Rb5 24. Qd3 Be6 25. Rc3 a4 26. Rec2 Bb3 27.
Rd2 Rh5 28. Qe2 Rb5 29. Bf1 Rbd5 30. Bg2 Rb5 31. Qf1 Rh5 32. h4 Rb5 33. Qc1 g5
34. hxg5 Qxg5 35. Rc5 Rxc5 36. dxc5 Rxd2 37. Qxd2 Qxc5 38. Qd8+ Kg7 39. Qd2 Qe5
40. Kf1 Qb5+ 41. Ke1 Qh5 42. Qd4+ Kg8 43. Be4 Qa5+ 44. Ke2 Qb5+ 45. Bd3 Qh5+
46. Kd2 Qd1+ 0-1

[Event "14. Abierto de la Constitucion"]
[Site "San Sebastian delos Reyes ESP"]
[Date "2012.12.06"]
[Round "6.21"]
[White "Gonzalez Berrendero, Carlos"]
[Black "Rodriguez Orgaz, Cesar"]
[Result "0-1"]
[WhiteElo "1743"]
[BlackElo "1818"]
[PlyCount "102"]
[EventDate "2012.12.01"]
[EventType "swiss"]
[EventRounds "9"]
[EventCountry "ESP"]
[Source "lmi"]
[SourceDate "2012.12.01"]

1. b4 d5 2. Bb2 Nf6 3. f4 Bf5 4. Nf3 Qd6 5. Be5 Qxb4 6. Nc3 Qa5 7. e3 Nbd7 8.
Nb5 Nxe5 9. Nxe5 c6 10. Nd4 Bc8 11. c4 g6 12. cxd5 Nxd5 13. Bc4 e6 14. O-O Bg7
15. Bxd5 Qxd5 16. Qf3 O-O 17. Qxd5 exd5 18. Rab1 Re8 19. Nef3 Re7 20. h3 c5 21.
Ne2 Bf5 22. Rb3 b5 23. Ng3 Bc2 24. Rxb5 Bd3 25. Rxc5 Bxf1 26. Kxf1 Rd8 27. Ne2
Bf8 28. Rb5 Rc7 29. Ned4 Bc5 30. Ke2 Bb6 31. a4 Rc5 32. Rxc5 Bxc5 33. Nc6 Rd6
34. Nfd4 Bxd4 35. Nxd4 Ra6 36. a5 Rxa5 37. Nc6 Ra1 38. Ne7+ Kf8 39. Nxd5 a5 40.
Kf3 a4 41. Nc3 a3 42. Ke4 Rg1 43. g4 Rh1 44. g5 Rxh3 45. Kd3 Ke7 46. Kc2 Rh2
47. Kc1 f6 48. Nd5+ Ke6 49. Nxf6 Rh1+ 50. Kc2 a2 51. Nxh7 a1=Q 0-1

[Event "14. Abierto de la Constitucion"]
[Site "San Sebastian delos Reyes ESP"]
[Date "2012.12.06"]
[Round "6.22"]
[White "Martinez Miura, Enrique"]
[Black "Ballesteros Jimenez, Miguel A"]
[Result "1/2-1/2"]
[WhiteElo "1741"]
[BlackElo "1672"]
[PlyCount "130"]
[EventDate "2012.12.01"]
[EventType "swiss"]
[EventRounds "9"]
[EventCountry "ESP"]
[Source "lmi"]
[SourceDate "2012.12.01"]

1. e4 d5 2. exd5 Qxd5 3. Nc3 Qd6 4. d4 Nf6 5. h3 a6 6. Nf3 b5 7. a3 Bb7 8. Be2
e6 9. O-O Nbd7 10. Re1 Be7 11. Bg5 O-O 12. Qd2 c5 13. Bf4 Qb6 14. Be3 cxd4 15.
Bxd4 Bc5 16. Bxc5 Nxc5 17. Qe3 Qc7 18. Ne5 Nce4 19. Nxe4 Bxe4 20. Bd3 Qxe5 21.
Bxe4 Nxe4 22. Qxe4 Qxb2 23. a4 bxa4 24. Rxa4 Rac8 25. c4 Qb3 26. Rxa6 Qxc4 27.
Qxc4 Rxc4 28. Ra7 Rfc8 29. Kh2 R4c7 30. Ra5 h6 31. Ra2 Rc2 32. Rxc2 Rxc2 33.
Kg3 Rc4 34. Ra1 Kf8 35. Ra7 Ke8 36. Rb7 Rd4 37. Ra7 Rd7 38. Ra8+ Ke7 39. Ra6
Rd4 40. Ra7+ Kf6 41. Rb7 h5 42. f3 h4+ 43. Kf2 Rd2+ 44. Kf1 g5 45. Rb4 e5 46.
Rb6+ Kf5 47. Rb5 Kf4 48. Rb4+ Rd4 49. Rb5 f6 50. Rb6 f5 51. Rg6 e4 52. fxe4
Rxe4 53. Kf2 Rb4 54. Rg7 Rb2+ 55. Kg1 g4 56. hxg4 fxg4 57. Rc7 g3 58. Rf7+ Kg5
59. Kf1 Rb6 60. Rg7+ Kh6 61. Rg8 Rb1+ 62. Ke2 Rg1 63. Kf3 Rf1+ 64. Kg4 Kh7 65.
Rg5 Rh1 1/2-1/2

[Event "14. Abierto de la Constitucion"]
[Site "San Sebastian delos Reyes ESP"]
[Date "2012.12.06"]
[Round "6.24"]
[White "Minguela Muñoz, Bienvenido"]
[Black "Hidalgo Prado, David"]
[Result "1-0"]
[WhiteElo "1898"]
[BlackElo "1407"]
[PlyCount "63"]
[EventDate "2012.12.01"]
[EventType "swiss"]
[EventRounds "9"]
[EventCountry "ESP"]
[Source "lmi"]
[SourceDate "2012.12.01"]

1. d4 d5 2. c4 Nf6 3. cxd5 Nxd5 4. Nc3 e6 5. e4 Nf6 6. Bg5 Be7 7. Nf3 O-O 8.
Bd3 Nfd7 9. Bxe7 Qxe7 10. e5 Re8 11. O-O c6 12. Ne4 Nf8 13. Nd6 Rd8 14. h4 h6
15. Rc1 f5 16. Qb3 a6 17. Bxf5 Kh8 18. Be4 Qd7 19. Nh2 Qe7 20. Qf3 Kg8 21. Qh5
Rxd6 22. exd6 Qxd6 23. Qe5 Qd8 24. Nf3 Nbd7 25. Qd6 Qf6 26. g4 g5 27. hxg5 hxg5
28. Kg2 Ng6 29. Bxg6 Qxg6 30. Rh1 Nf6 31. Qd8+ Qe8 32. Qxf6 1-0

[Event "14. Abierto de la Constitucion"]
[Site "San Sebastian delos Reyes ESP"]
[Date "2012.12.06"]
[Round "6.25"]
[White "Martin Rodriguez, Jose Luis"]
[Black "Perez Gonzalez, Jesus Miguel"]
[Result "0-1"]
[WhiteElo "1443"]
[BlackElo "1809"]
[PlyCount "36"]
[EventDate "2012.12.01"]
[EventType "swiss"]
[EventRounds "9"]
[EventCountry "ESP"]
[Source "lmi"]
[SourceDate "2012.12.01"]

1. e4 g6 2. d4 Bg7 3. Nc3 d6 4. f4 Nh6 5. Nf3 O-O 6. Be2 Nd7 7. O-O e5 8. d5 f5
9. fxe5 Nxe5 10. Nxe5 dxe5 11. h3 Nf7 12. Bd3 f4 13. Qe1 Bf6 14. Nd1 Bh4 15.
Nf2 Ng5 16. Qe2 f3 17. Qe3 fxg2 18. Rd1 Bxf2+ 0-1

[Event "14. Abierto de la Constitucion"]
[Site "San Sebastian delos Reyes ESP"]
[Date "2012.12.06"]
[Round "6.26"]
[White "Moset Grande, Javier"]
[Black "Garceran Izquierdo, Ruben"]
[Result "1-0"]
[WhiteElo "1767"]
[BlackElo "1669"]
[PlyCount "108"]
[EventDate "2012.12.01"]
[EventType "swiss"]
[EventRounds "9"]
[EventCountry "ESP"]
[Source "lmi"]
[SourceDate "2012.12.01"]

1. c4 Nf6 2. Nc3 g6 3. g3 Bg7 4. Bg2 O-O 5. Nf3 d5 6. cxd5 Nxd5 7. O-O Nc6 8.
Nxd5 Qxd5 9. d3 Be6 10. Ng5 Qd7 11. Nxe6 Qxe6 12. a3 Nd4 13. Be3 Nb3 14. Rb1 c6
15. Qc2 Rfd8 16. Rfe1 Rac8 17. Bd2 Nxd2 18. Qxd2 Qb3 19. Red1 e6 20. e3 Rd7 21.
d4 Rcd8 22. Qc3 Qb6 23. Rdc1 e5 24. dxe5 Rd3 25. Qc5 Rb3 26. Qxb6 axb6 27. Rc3
Rd3 28. Rxd3 Rxd3 29. Bf1 Rd2 30. f4 g5 31. b3 gxf4 32. exf4 Ra2 33. a4 Rd2 34.
Bc4 Bf8 35. Re1 Bc5+ 36. Kh1 Bb4 37. Re2 Rd1+ 38. Kg2 Kg7 39. f5 Rd2 40. Rxd2
Bxd2 41. Kf3 f6 42. e6 Bb4 43. h4 Be7 44. g4 Kg8 45. g5 Kg7 46. Kg4 Bf8 47. h5
fxg5 48. Kxg5 Be7+ 49. Kf4 Kf6 50. Bd3 Bd6+ 51. Ke4 h6 52. Kd4 Kg5 53. Kc4 Kxh5
54. f6 Kg5 1-0

[Event "14. Abierto de la Constitucion"]
[Site "San Sebastian delos Reyes ESP"]
[Date "2012.12.06"]
[Round "6.27"]
[White "Alfaya Martinez, Enrique"]
[Black "Garcia Lopez, Fernando"]
[Result "0-1"]
[WhiteElo "1510"]
[BlackElo "1657"]
[PlyCount "50"]
[EventDate "2012.12.01"]
[EventType "swiss"]
[EventRounds "9"]
[EventCountry "ESP"]
[Source "lmi"]
[SourceDate "2012.12.01"]

1. e4 e5 2. Nf3 Nc6 3. Bc4 Nf6 4. Ng5 Bc5 5. Bxf7+ Ke7 6. Bb3 Rf8 7. O-O d6 8.
Nc3 Qe8 9. Nd5+ Kd8 10. Nxf6 Rxf6 11. d3 Qg6 12. Bd5 h6 13. Nf7+ Rxf7 14. Bxf7
Qxf7 15. Bd2 Nd4 16. Kh1 g5 17. a4 Bd7 18. b4 Bxb4 19. Bxb4 c5 20. Bd2 Ke7 21.
c3 Ne6 22. a5 Nf4 23. d4 Bb5 24. Rc1 Nd3 25. Rg1 Nxf2# 0-1

[Event "14. Abierto de la Constitucion"]
[Site "San Sebastian delos Reyes ESP"]
[Date "2012.12.06"]
[Round "6.28"]
[White "Benito Mellado, Humberto"]
[Black "Bachiller Corral, Jose Maria"]
[Result "1-0"]
[WhiteElo "1586"]
[BlackElo "1366"]
[PlyCount "77"]
[EventDate "2012.12.01"]
[EventType "swiss"]
[EventRounds "9"]
[EventCountry "ESP"]
[Source "lmi"]
[SourceDate "2012.12.01"]

1. d4 d5 2. c4 e6 3. Nc3 Nf6 4. Bg5 Be7 5. Nf3 Ne4 6. Bxe7 Qxe7 7. cxd5 Nxc3 8.
bxc3 exd5 9. e3 O-O 10. Bd3 Nd7 11. O-O Nf6 12. Ne5 Be6 13. c4 c5 14. cxd5 Bxd5
15. Bc4 Rad8 16. Bxd5 Rxd5 17. Nf3 Ne4 18. Qb3 Rh5 19. d5 Rd8 20. Rfd1 Ng5 21.
Nxg5 Rxg5 22. f3 b6 23. e4 Rh5 24. Rd2 Qh4 25. g4 Re5 26. Rad1 Rd6 27. Qe3 h5
28. gxh5 Rg5+ 29. Rg2 Rxg2+ 30. Kxg2 Qxh5 31. Qf4 Rg6+ 32. Kh1 Rh6 33. d6 Qh4
34. Qxh4 Rxh4 35. d7 Kh7 36. d8=Q Rf4 37. Qg5 Rxf3 38. Qh5+ Kg8 39. Rd8# 1-0

[Event "14. Abierto de la Constitucion"]
[Site "San Sebastian delos Reyes ESP"]
[Date "2012.12.06"]
[Round "6.29"]
[White "Cavalle Pulla, Juan"]
[Black "De Vicente Guijarro, Juan"]
[Result "0-1"]
[WhiteElo "1557"]
[BlackElo "1784"]
[PlyCount "94"]
[EventDate "2012.12.01"]
[EventType "swiss"]
[EventRounds "9"]
[EventCountry "ESP"]
[Source "lmi"]
[SourceDate "2012.12.01"]

1. e4 d6 2. d4 Nf6 3. Nc3 e5 4. dxe5 dxe5 5. Qxd8+ Kxd8 6. Nf3 Bd6 7. Bc4 Rf8
8. Ng5 Ke7 9. Nd5+ Nxd5 10. exd5 h6 11. Ne4 Bf5 12. f3 Nd7 13. O-O Nc5 14. Re1
Bg6 15. c3 Nxe4 16. fxe4 f5 17. Bd3 Bc5+ 18. Be3 Bxe3+ 19. Rxe3 fxe4 20. Bxe4
Bxe4 21. Rxe4 Kd6 22. c4 Rf5 23. Rd1 Raf8 24. Re2 b6 25. Rde1 Re8 26. Re3 Rf4
27. b3 b5 28. Re4 Rxe4 29. Rxe4 bxc4 30. bxc4 Rf8 31. g3 Rf3 32. Kg2 Rf5 33. g4
Rf4 34. Rxf4 exf4 35. Kf3 g5 36. h4 Kc5 37. hxg5 hxg5 38. Ke4 Kxc4 39. d6 cxd6
40. Kf3 Kd3 41. a4 a5 42. Kf2 Ke4 43. Ke2 f3+ 44. Kf2 Kf4 45. Ke1 Kxg4 46. Kf1
Kg3 47. Kg1 f2+ 0-1

[Event "14. Abierto de la Constitucion"]
[Site "San Sebastian delos Reyes ESP"]
[Date "2012.12.07"]
[Round "7.1"]
[White "Adan Bermudez, Sergio"]
[Black "Moreno Ruiz, Javier"]
[Result "0-1"]
[WhiteElo "2285"]
[BlackElo "2492"]
[PlyCount "136"]
[EventDate "2012.12.01"]
[EventType "swiss"]
[EventRounds "9"]
[EventCountry "ESP"]
[Source "lmi"]
[SourceDate "2012.12.01"]

1. c4 Nf6 2. Nc3 e6 3. e4 d5 4. cxd5 exd5 5. e5 Ne4 6. Nxe4 dxe4 7. Qa4+ Bd7 8.
Qxe4 Bc6 9. Qf4 Na6 10. Bxa6 bxa6 11. Nf3 Qd3 12. Qe3 O-O-O 13. Qxd3 Rxd3 14.
b3 Bb4 15. Ke2 Rhd8 16. Rd1 Be4 17. Ne1 Bc3 18. Rb1 Bxe5 19. Bb2 R3d5 20. d3
Bg6 21. Bxe5 Rxe5+ 22. Kf1 Red5 23. Ke2 Bh5+ 24. f3 g5 25. g4 Bg6 26. Rbc1 h5
27. gxh5 Bxh5 28. Rc4 Re8+ 29. Re4 f5 30. Rxe8+ Bxe8 31. Nc2 f4 32. d4 a5 33.
Na3 a4 34. b4 Rd6 35. Kf2 Rh6 36. Kg2 Bf7 37. d5 Rd6 38. Nb5 Rxd5 39. Rxd5 Bxd5
40. Nc3 Bc6 41. Kf2 a3 42. Nb1 Bd5 43. Nxa3 Bxa2 44. Nb5 Bc4 45. Nc3 Bd3 46. h4
gxh4 47. Nd5 Kb7 48. Nxf4 Bf5 49. Nd5 Be6 50. Nc3 Kc6 51. f4 a6 52. Kf3 h3 53.
Kg3 Bf5 54. Nd1 Kd5 55. Ne3+ Ke4 56. Nc4 Kd4 57. Ne5 Kd5 58. Nf3 Kc4 59. Nh4
Bd7 60. f5 Kxb4 61. f6 Be6 62. Ng6 a5 63. Nf4 Bf7 64. Nd3+ Kc3 65. Nc5 Kc4 66.
Na4 Kb4 67. Nb2 a4 68. Nd3+ Kc3 0-1

[Event "14. Abierto de la Constitucion"]
[Site "San Sebastian delos Reyes ESP"]
[Date "2012.12.07"]
[Round "7.2"]
[White "Cerrato Torrijos, Maria"]
[Black "Rubio Mejia, Luis Ignacio"]
[Result "0-1"]
[WhiteElo "2124"]
[BlackElo "2432"]
[PlyCount "100"]
[EventDate "2012.12.01"]
[EventType "swiss"]
[EventRounds "9"]
[EventCountry "ESP"]
[Source "lmi"]
[SourceDate "2012.12.01"]

1. d4 d5 2. Nf3 Nf6 3. c4 c6 4. e3 Bg4 5. Nbd2 e6 6. h3 Bxf3 7. Nxf3 Nbd7 8.
Bd3 Bd6 9. O-O O-O 10. b3 Qe7 11. Bb2 Ne4 12. c5 Bc7 13. b4 Nef6 14. Qc2 e5 15.
dxe5 Nxe5 16. Nxe5 Bxe5 17. Rac1 Bxb2 18. Qxb2 Nd7 19. Qc2 g6 20. Rfd1 Rfe8 21.
Be2 Nf8 22. Bf3 Ne6 23. a3 h5 24. Qe2 a6 25. Re1 Rad8 26. Rcd1 Ng5 27. Rd4 Qf6
28. Red1 Ne6 29. R4d2 Nf4 30. Qf1 Nxh3+ 31. gxh3 Qxf3 32. Rd4 Re4 33. Rxe4 Qxe4
34. Rd4 Qe5 35. Qd3 Re8 36. a4 Qg5+ 37. Kh2 Re6 38. b5 axb5 39. axb5 Qe5+ 40.
Kg2 Rf6 41. f4 Qe7 42. bxc6 bxc6 43. Qa3 Re6 44. Rd3 Kh7 45. Kg3 Re4 46. Qc3
Rc4 47. Qa5 h4+ 48. Kg4 f5+ 49. Kf3 Qe4+ 50. Ke2 Qg2+ 0-1

[Event "14. Abierto de la Constitucion"]
[Site "San Sebastian delos Reyes ESP"]
[Date "2012.12.07"]
[Round "7.3"]
[White "Cavalle Pulla, Daniel"]
[Black "Roa Alonso, Santiago"]
[Result "0-1"]
[WhiteElo "2016"]
[BlackElo "2412"]
[PlyCount "126"]
[EventDate "2012.12.01"]
[EventType "swiss"]
[EventRounds "9"]
[EventCountry "ESP"]
[Source "lmi"]
[SourceDate "2012.12.01"]

1. e4 c5 2. Nc3 d6 3. Bb5+ Bd7 4. Bxd7+ Qxd7 5. f4 Nc6 6. Nf3 g6 7. d3 Bg7 8.
O-O Nh6 9. Kh1 f5 10. Ng5 O-O-O 11. Ne2 d5 12. e5 d4 13. Rb1 Nb4 14. a3 Nd5 15.
Rf3 Kb8 16. c4 dxc3 17. bxc3 Nb6 18. d4 c4 19. Qc2 e6 20. a4 Bf8 21. a5 Nd5 22.
Qa2 Rc8 23. Ba3 Bxa3 24. Qxa3 Nf7 25. Nxf7 Qxf7 26. Rb5 Qd7 27. Rb2 h6 28. Nc1
g5 29. g3 Qc6 30. fxg5 hxg5 31. Kg1 g4 32. Rff2 f4 33. gxf4 g3 34. hxg3 Nxf4
35. Qd6+ Qxd6 36. exd6 Nh3+ 37. Kg2 Nxf2 38. Rxf2 Rcd8 39. Ne2 Rxd6 40. Nf4 Ra6
41. Ra2 Rg8 42. Ra4 b5 43. Rb4 Rxa5 44. Nxe6 a6 45. Nc5 Ra3 46. Ne4 Kc7 47. Rb1
Re8 48. Kf3 Rb3 49. Rc1 b4 50. Kf4 Rxe4+ 51. Kxe4 Rxc3 52. Rg1 b3 53. g4 b2 54.
Rb1 Rc2 55. g5 c3 56. g6 Rg2 57. Kd3 c2 58. Rxb2 c1=Q 59. Rxg2 Qf1+ 60. Re2
Qf5+ 61. Kc3 Qxg6 62. Re5 Kb6 63. Kc4 Qc2+ 0-1

[Event "14. Abierto de la Constitucion"]
[Site "San Sebastian delos Reyes ESP"]
[Date "2012.12.07"]
[Round "7.4"]
[White "Valles Moreno, Ivan"]
[Black "Largo Barbero, Benito"]
[Result "1-0"]
[WhiteElo "2382"]
[BlackElo "1871"]
[PlyCount "49"]
[EventDate "2012.12.01"]
[EventType "swiss"]
[EventRounds "9"]
[EventCountry "ESP"]
[Source "lmi"]
[SourceDate "2012.12.01"]

1. d4 Nf6 2. Bg5 d6 3. Bxf6 gxf6 4. e3 c6 5. Nd2 Qc7 6. Ne2 e5 7. Ng3 Be6 8.
Bd3 d5 9. Qh5 e4 10. Be2 Nd7 11. O-O O-O-O 12. c4 Kb8 13. Rfc1 Qb6 14. Rab1 Rg8
15. b4 Rg5 16. Qh4 Be7 17. b5 c5 18. cxd5 Bxd5 19. Ndxe4 Rg6 20. Nc3 Nf8 21.
Nxd5 Rxd5 22. Qf4+ Ka8 23. Qe4 Rd7 24. dxc5 Bxc5 25. Rxc5 1-0

[Event "14. Abierto de la Constitucion"]
[Site "San Sebastian delos Reyes ESP"]
[Date "2012.12.07"]
[Round "7.5"]
[White "Montiel Miguelez, Manuel"]
[Black "Gonzalez Mateos, Rafael"]
[Result "1-0"]
[WhiteElo "1900"]
[BlackElo "2128"]
[PlyCount "59"]
[EventDate "2012.12.01"]
[EventType "swiss"]
[EventRounds "9"]
[EventCountry "ESP"]
[Source "lmi"]
[SourceDate "2012.12.01"]

1. e4 e6 2. d4 d5 3. e5 c5 4. c3 Qb6 5. Nf3 Nc6 6. a3 c4 7. Nbd2 f6 8. exf6
Nxf6 9. g3 Bd6 10. Bh3 O-O 11. O-O Bd7 12. Re1 Rae8 13. Nf1 h6 14. Ne3 Re7 15.
Nh4 Ref7 16. Ng6 Re8 17. Ng2 Ne4 18. N2f4 Bxf4 19. Nxf4 g5 20. f3 gxf4 21. fxe4
f3 22. Kf2 dxe4 23. Rxe4 Ne7 24. Qc2 Rf6 25. Bf4 Ng6 26. Rg1 Kh7 27. Re5 Kg7
28. Rh5 Nxf4 29. gxf4+ Kh8 30. Rg6 1-0

[Event "14. Abierto de la Constitucion"]
[Site "San Sebastian delos Reyes ESP"]
[Date "2012.12.07"]
[Round "7.6"]
[White "De La Orden Alcocer, Alejandro"]
[Black "Lopez De Turiso, Jose Angel"]
[Result "1/2-1/2"]
[WhiteElo "1895"]
[BlackElo "2070"]
[PlyCount "61"]
[EventDate "2012.12.01"]
[EventType "swiss"]
[EventRounds "9"]
[EventCountry "ESP"]
[Source "lmi"]
[SourceDate "2012.12.01"]

1. Nf3 Nf6 2. c4 c5 3. g3 Nc6 4. Bg2 g6 5. Nc3 Bg7 6. O-O O-O 7. d3 d6 8. Rb1
Bd7 9. a3 a5 10. Ne1 Qc8 11. Na4 Ra6 12. Nc2 Bh3 13. Nc3 Bxg2 14. Kxg2 a4 15.
Bg5 h6 16. Bxf6 Bxf6 17. Nd5 Bg7 18. b4 axb3 19. Rxb3 e6 20. Nde3 Qd7 21. Qd2
Rb8 22. Rfb1 Nd8 23. Rb5 h5 24. Nd1 Qc6+ 25. f3 d5 26. Qe3 Rc8 27. R1b3 Qd6 28.
cxd5 Qxd5 29. Nb2 Bxb2 30. Rxb2 Qc6 31. Qd2 1/2-1/2

[Event "14. Abierto de la Constitucion"]
[Site "San Sebastian delos Reyes ESP"]
[Date "2012.12.07"]
[Round "7.7"]
[White "Dierssen Garcia-Barredo, Guillermo"]
[Black "Vukotic Jovsic, Dragan"]
[Result "0-1"]
[WhiteElo "1893"]
[BlackElo "2010"]
[PlyCount "92"]
[EventDate "2012.12.01"]
[EventType "swiss"]
[EventRounds "9"]
[EventCountry "ESP"]
[Source "lmi"]
[SourceDate "2012.12.01"]

1. e4 e6 2. d4 d5 3. Nc3 Bb4 4. e5 c5 5. Bd2 cxd4 6. Nb5 Bf8 7. Nxd4 Nc6 8.
Ngf3 Qb6 9. c3 Bc5 10. Bd3 Bd7 11. O-O Nxd4 12. cxd4 Bxd4 13. Nxd4 Qxd4 14. Bc3
Qb6 15. Qg4 g6 16. Bd4 Qb4 17. Qf4 Ne7 18. Qf6 Rg8 19. Be3 d4 20. Bg5 Nd5 21.
Qf3 Bc6 22. Qe2 a6 23. Rfc1 h6 24. Bxh6 Rh8 25. Bg5 Rh5 26. h4 Rxg5 27. hxg5
Nf4 28. Qd1 Bxg2 29. Bf1 Bd5 30. Qg4 d3 31. Qg3 Qe4 32. Qh2 Ne2+ 33. Bxe2 dxe2
34. Re1 Kd7 35. f3 Qe3+ 36. Qf2 Qxg5+ 37. Qg2 Qe3+ 38. Qf2 Qxe5 39. Rxe2 Qg5+
40. Qg2 Qf4 41. Rd1 Rh8 42. Re4 Qf6 43. Rb4 Rh5 44. f4 Ke8 45. Qc2 Rh1+ 46. Kf2
Rh2+ 0-1

[Event "14. Abierto de la Constitucion"]
[Site "San Sebastian delos Reyes ESP"]
[Date "2012.12.07"]
[Round "7.8"]
[White "Garcia-Ruiz Fuentes, Angel M"]
[Black "Santamaria Farran, Pablo"]
[Result "1-0"]
[WhiteElo "1968"]
[BlackElo "1880"]
[PlyCount "83"]
[EventDate "2012.12.01"]
[EventType "swiss"]
[EventRounds "9"]
[EventCountry "ESP"]
[Source "lmi"]
[SourceDate "2012.12.01"]

1. e4 c5 2. Nf3 d6 3. d4 cxd4 4. Nxd4 Nf6 5. Nc3 a6 6. Bc4 e6 7. Bb3 Be7 8. f4
Nc6 9. Be3 Qc7 10. Qf3 Nxd4 11. Bxd4 b5 12. O-O O-O 13. a3 Bb7 14. f5 e5 15.
Bf2 Rad8 16. Kh1 d5 17. exd5 e4 18. Nxe4 Nxe4 19. Qxe4 Bf6 20. c3 Rfe8 21. Qf3
Be5 22. Rad1 Rd6 23. Bg3 Rh6 24. Rde1 Kf8 25. Bxe5 Rxe5 26. Rxe5 Qxe5 27. Qf4
Qxf4 28. Rxf4 Rd6 29. Rd4 Ke7 30. g4 Kf6 31. Kg2 Ke5 32. Kf3 Bxd5+ 33. Rxd5+
Rxd5 34. Bxd5 Kxd5 35. b3 a5 36. Ke3 a4 37. bxa4 bxa4 38. Kd3 f6 39. h4 g6 40.
fxg6 hxg6 41. h5 g5 42. h6 1-0